00634nam a2200193 i 4500001000700000003000900007005001700016008004100033080001000074100001800084245012200102260003800224300002200262650002500284700002100309700002000330700002400350852006600374170967ES-MaACL20230906214516.0090420s1881 fr |||| | fre d a782.61 aBlum, Ernest.10aBelle Lurette b: opéra-comique en trois actes / cpar E. Blum, É. Blau et R. Toché ; musique de J. Offenbach. aParis : bCalmann Lévy, c1881. a111 p. ; c19 cm. 4aOperetas-vLibretos.1 aBlau, Édouard.1 aToché, Raoul.0 aOffenbach, Jacques.4 aES-MaACLjE-12590 z. - Biblioteca Jacinto Martínez Lacalle